000 01121nam a2200289 i 4500
005 20231207123153.0
008 231207s2023 my ao g 000 0cmay d
020 _a9786297534404
_cRM20.00
_qpaperback
040 _aPPAK
_beng
_cPPAK
_erda
082 0 4 _223
_a617.6
090 0 0 _a617.6
_bRAW
_dG
245 0 0 _aRAWATAN PEMBEDAHAN PERGIGIAN DAN PENYAKIT DALAM MULUT /
_cPenyunting : Azrul Hafiz Abdul Aziz, John Chong Keat Hon, Faezah Rokhani ; Editor Pengurusan: Khairunnajwa Mohd Tahet
264 1 _aNilai, Negeri Sembilan :
_bPenerbit USIM,
_c2023
300 _a1 volume (various pagings) :
_billustrations, photographs ;
_c23 cm
336 _atext
_2rdacontent
337 _aunmediated
_2rdamedia
338 _avolume
_2rdacarrier
504 _aIncludes bibliographical references and index
650 1 0 _aDentistry
650 2 0 _aMaxilla
_xSurgery
650 2 0 _aMouth
_xSurgery
700 0 _aAzrul Hafiz Abdul Aziz,
_eeditor.
700 0 _aChong, John Keat Hon,
_eeditor.
700 0 _aFaezah Rokhani,
_eeditor.
700 0 _aKhairunnajwa Mohd Tahet,
_eeditor.
942 _2ddc
_cB
999 _c193885
_d193885